000 00576nam a2200181Ia 4500
005 20230508115243.0
008 131103s9999 xx 000 0 und d
040 _aLoreto College
041 _aEnglish
082 _a823.91
_bCON-PAL
245 _aTwentieth century interpretations of the nigger of the narcissus
_b a collection of critical essays
_cedited by John A. Palmer
260 _aEnglewood Cliffs
_bPrentice - Hall
_c1969
300 _aiii,124 p.
504 _aIncludes bibliographical references
700 _aPalmer,John A.ed.
850 _aLCLIB
942 _cBK
999 _c4889
_d55368